00654nam a22002177a 450000500170000000800410001702000180005804000210007604100080009708200200010524500650012525000170019026000410020730000100024865000370025870000330029570000270032870000260035570000280038170000270040920250311075624.0250311b |||||||| |||| 00| 0 eng d a9789390942862 aIN-DiNCcIN-DiNC deng a030.954162bASS aAssam year book 2025/ced. by Rohini Kumar Baruah and others a6th rev. ed. aGuwahati:bAshok publication,c2025. a628p. aDetailed description about Assam aBaruah, Rohini KumareEditor aNath, BiswajiteEditor aAhmed, RizwaneEditor aRahman, SajidureEditor aDutta, PrakasheEditor